Chemistry
I tiakina i:
| Kaituhi matua: | |
|---|---|
| Hōputu: | Pukapuka |
| Reo: | Ingarihi |
| I whakaputaina: |
McGraw-Hill Education
2017
|
| Tags: |
Tāpirihia he Tūtohu
No Tags, Be the first to tag this record!
|
MARC
| LEADER | 00000nam a22000007a 4500 | ||
|---|---|---|---|
| 008 | 210121b ||||| |||| 00| 0 eng d | ||
| 020 | |a 978-0-07-802152-7 | ||
| 100 | |a BURDGE, Julia | ||
| 245 | |a Chemistry |c Julia Burdge | ||
| 250 | |b 4th | ||
| 260 | |b McGraw-Hill Education |c 2017 |h New York |i 691549 – Sci. 691550 |l QD33.2 .B89 | ||
| 942 | |a lcc |c BK |e Mr ogunleye | ||
| 952 | |0 0 |1 0 |2 lcc |4 0 |6 QD00332 B89 |7 0 |9 1426 |a HOL |b SL |d 2021-01-21 |l 0 |o QD33.2 .B89 |p 2021-0226 |r 2021-01-21 00:00:00 |w 2021-01-21 |y BK | ||
| 952 | |0 0 |1 0 |2 lcc |4 0 |6 QD00332 B89 |7 0 |9 1428 |a HOL |b HOL |d 2021-01-21 |l 0 |o QD33.2 .B89 |p 2021-0227 |r 2021-01-21 00:00:00 |w 2021-01-21 |y BK | ||
| 999 | |c 742 |d 742 | ||